000 00477pab a2200169 454500
008 180718b2017 xxu||||| |||| 00| 0 eng d
100 _aThom, Michael
245 _aThe drivers of public sector pension reform across the US states
260 _c2017
300 _ap.431-442.
362 _aMay
650 _aPensions - United States
650 _aRetirement - United States
650 _aPensions
773 _aAmerican Review of Public Administration
909 _a115035
999 _c115029
_d115029